Bindr'a Pleading & Conveyancing ( English & Urdu) / (Record no. 614078)
[ view plain ]
| 000 -LEADER | |
|---|---|
| fixed length control field | 00346nam a22001097a 4500 |
| 082 ## - DEWEY DECIMAL CLASSIFICATION NUMBER | |
| Classification number | 347.54072 |
| Author Mark | BIN |
| 245 ## - TITLE STATEMENT | |
| Title | Bindr'a Pleading & Conveyancing ( English & Urdu) / |
| Statement of responsibility, etc. | As Expounded by S.C. Walish & J.C Weir & L.C Desouza / |
| 260 ## - PUBLICATION, DISTRIBUTION, ETC. | |
| Place of publication, distribution, etc. | Lahore: |
| Name of publisher, distributor, etc. | Civil & Criminal Law Publications, |
| Date of publication, distribution, etc. | 2024. |
| 300 ## - PHYSICAL DESCRIPTION | |
| Extent | 363 p. |
| 563 ## - BINDING INFORMATION | |
| Binding note | HB. |
| 942 ## - ADDED ENTRY ELEMENTS (KOHA) | |
| Source of classification or shelving scheme | |
| Koha item type | Book |
| Withdrawn status | Lost status | Source of classification or shelving scheme | Damaged status | Not for loan | Permanent Location | Current Location | Date acquired | Total Checkouts | Full call number | Barcode | Date last seen | Price effective from | Koha item type |
|---|---|---|---|---|---|---|---|---|---|---|---|---|---|
| NUST Law School (NLS) | NUST Law School (NLS) | 07/03/2025 | 347.54072 BIN | NLS-3128 | 07/03/2025 | 07/03/2025 | Book |
